Research interviewing : (Record no. 49517)

MARC details
000 -LEADER
fixed length control field 01023nam a22002897a 4500
005 - DATE AND TIME OF LATEST TRANSACTION
control field 20101227110333.0
008 - FIXED-LENGTH DATA ELEMENTS--GENERAL INFORMATION
fixed length control field 101227t xxu||||| |||| 00| 0 eng d
010 ## - LCCN (DPL NO)
LC control number ENG-101867
020 ## - INTERNATIONAL STANDARD BOOK NUMBER
International Standard Book Number 9780071074063
Terms of availability 325.00
020 ## - INTERNATIONAL STANDARD BOOK NUMBER
International Standard Book Number 0071074066
Terms of availability 325.00
035 ## - SYSTEM CONTROL NUMBER
System control number EN-85400
037 ## - SOURCE OF ACQUISITION
Source of stock number/acquisition DBAD/PUB
040 ## - CATALOGING SOURCE
Original cataloging agency dpl
Language of cataloging Eng
082 ## - DEWEY DECIMAL CLASSIFICATION NUMBER
Classification number 001.433
100 ## - MAIN ENTRY--PERSONAL NAME
9 (RLIN) 25104
Personal name Gillham, Bill
245 ## - TITLE STATEMENT
Title Research interviewing :
Statement of responsibility, etc by Bill Gillham
Remainder of title the range of techniques /
260 ## - PUBLICATION, DISTRIBUTION, ETC. (IMPRINT)
Place of publication, distribution, etc New Delhi
Name of publisher, distributor, etc Tata McGraw Hill
Date of publication, distribution, etc 2010
270 ## - ADDRESS
Address 7 West Patel Nagar
City New Delhi
Postal code 110008
300 ## - PHYSICAL DESCRIPTION
Extent x, 173 p. :
Dimensions 24cm (pbk)
Other physical details ill.
500 ## - GENERAL NOTE
General note Includes bibliographical references (p. [169]-170) and index.
650 ## - SUBJECT ADDED ENTRY--TOPICAL TERM
Topical term or geographic name as entry element Research
9 (RLIN) 25107
General subdivision Methodology.
650 ## - SUBJECT ADDED ENTRY--TOPICAL TERM
Topical term or geographic name as entry element Interviewing
9 (RLIN) 25108
650 ## - SUBJECT ADDED ENTRY--TOPICAL TERM
9 (RLIN) 25109
700 ## - ADDED ENTRY--PERSONAL NAME
9 (RLIN) 25105
942 ## - ADDED ENTRY ELEMENTS (KOHA)
Source of classification or shelving scheme Dewey Decimal Classification
Item type English Books
Classification part 001.433
Call number suffix GIL
Holdings
Withdrawn status Lost status Source of classification or shelving scheme Damaged status Not for loan Collection code Home library Current library Date acquired Source of acquisition Cost, normal purchase price Total Checkouts Full call number Barcode Date last seen Copy number Cost, replacement price Koha item type
    Dewey Decimal Classification   Not For Loan Non-fiction D.B.Act.Division D.B.Act.Division 27/12/2010 DBAD/PUB 325.00   001.433 GIL EN-85400 27/12/2010 1 325.00 English Books

© Delhi Public Library
Hit Counter
free hit counter